| 000 | 01469nam a2200397Ii 4500 | ||
|---|---|---|---|
| 001 | DIGUTE0057 | ||
| 003 | NyNyDIG | ||
| 006 | m o d | ||
| 007 | cr ||||||||||| | ||
| 008 | 241101s2022 ec a ob 000 0 spa d | ||
| 035 | _a(OCoLC)1472054185 | ||
| 040 |
_aDGITA _beng _erda _epn _cDGITA |
||
| 020 |
_a9789942843166 _qeBook |
||
| 050 | 1 | 4 | _aTX773 ebook |
| 100 | 1 |
_aEspinoza Muñoz, María Daniela, _eauthor. |
|
| 245 | 1 | 0 |
_aPastelería clásica : _bguía pedagógica / _cDaniela Espinoza, Daniel Fierro, Juan Pablo Holguín. |
| 250 | _aPrimera edición. | ||
| 264 | 1 |
_aQuito, Ecuador : _bEditorial Universitaria UTE, _c[2022] |
|
| 300 |
_a1 online resource : _billustrations. |
||
| 336 |
_atext _btxt _2rdacontent |
||
| 337 |
_acomputer _bc _2rdamedia |
||
| 338 |
_aonline resource _bcr _2rdacarrier |
||
| 347 |
_atext file _2rdaft |
||
| 347 | _bPDF | ||
| 504 | _aIncludes bibliographical references. | ||
| 588 | 0 | _aOnline resource; title from PDF title page (Digitalia, viewed November 1, 2024) | |
| 650 | 0 | _aDesserts. | |
| 650 | 0 |
_aCooking _xStudy and teaching. |
|
| 700 | 1 |
_aFierro Mosquera, Daniel Gonzalo, _eauthor. |
|
| 700 | 1 |
_aHolguín Intriago, Juan Pablo, _eauthor. |
|
| 791 | 2 |
_aDigitalia (Firm), _edistributor. |
|
| 793 | 0 |
_gDigitalia eBook Collection: _aUniversidad Tecnológica Equinoccial |
|
| 856 | 4 | 0 |
_3Digitalia Hispánica _uhttps://www.digitaliapublishing.com/a/160278/ |
| 910 | _aPremium collection: 2024 | ||
| 942 | _cRAA | ||
| 999 |
_c288663 _d288663 |
||